000 00596nam a2200229Ia 4500
003 OSt
005 20220928104652.0
006 a|||||r|||| 00| 0
007 ta
008 220927b |||||||| |||| 00| 0 eng d
024 _a48012
037 _cTextual
040 _aSDCL
_cSDCL
_beng
041 _2eng
_aeng
082 _aO152,1N2:g, L0
100 _aVimal Kumar
245 0 _aChhayavad ka soundarya shastriya addhyayan.
260 _aDelhi
_bRaj Kamal
_c1970
300 _a297p
_ccm.
942 _hO152,1N2:g, L0
_cTEXL
_2CC
999 _c727226
_d727226